Normal view
MARC view
- Anjum Naeem Malik
Entry Personal Name
001 - CONTROL NUMBER
- control field: 15745
003 - CONTROL NUMBER IDENTIFIER
- control field: NUST
005 - DATE AND TIME OF LATEST TRANSACTION
- control field: 20190627075126.0
008 - FIXED-LENGTH DATA ELEMENTS
- fixed length control field: 190627|| aca||aabn | a|a d
040 ## - CATALOGING SOURCE
- Original cataloging agency: NUST
- Transcribing agency: NUST
100 ## - HEADING--PERSONAL NAME
- Personal name: Anjum Naeem Malik
670 ## - SOURCE DATA FOUND
- Source citation: Work cat.: (NUST): Anjum Naeem Malik, EEG signal Classification for predicting the movement intent of lower limb /, 2017.
